=LDR 00000nam 2200000 4500 =001 NUTBA000000000005968 =005 20141117082443.0 =006 =007 =008 =020 ##$$a 978-602-8637-35-0 =035 ##$$a 0010-111400000000447 =040 ##$$a NBPDMAT =082 ##$$a 612 =090 ##$$a 612 $b Tri h =100 ##$$a Tri Rahayu =245 ##$$a Human body encyclopedia tulang dan otot / $c Tri Rahayu =260 ##$$a Jakarta : $b Urugus publishing, $c 2009 =300 ##$$a 56 hlm. : $b ilus. ; $c 21 cm. =500 ##$$a Bibliografi : hlm. 56 =650 ##$$a Tubuh Manusia =850 ##$$a NBPDMAT